Normal view
MARC view
Entry Personal Name
001 - CONTROL NUMBER
- control field: 63908
003 - CONTROL NUMBER IDENTIFIER
- control field: dpl
005 - DATE AND TIME OF LATEST TRANSACTION
- control field: 20240326103014.0
008 - FIXED-LENGTH DATA ELEMENTS
- fixed length control field: 240326|| aca||aabn | a|a d
040 ## - CATALOGING SOURCE
- Original cataloging agency: dpl
- Transcribing agency: dpl
100 ## - HEADING--PERSONAL NAME
- Personal name: Auka,Joash
670 ## - SOURCE DATA FOUND
- Source citation: Work cat.: (dpl)201761: Agolah, Dennis Odhiambo 63907, The Doppler Ultrasound Ladder /, 2020
